Hueso temporal : (Registro nro. 2720)
[ vista simple ]
| 000 -LEADER | |
|---|---|
| campo de control de longitud fija | 00774nam a22002177a 4500 |
| 001 - NÚMERO DE CONTROL | |
| campo de control | 2720 |
| 003 - IDENTIFICADOR DE NÚMERO DE CONTROL | |
| campo de control | HMS |
| 005 - FECHA Y HORA DE LA ÚLTIMA TRANSACCIÓN | |
| campo de control | 20250901155621.0 |
| 008 - DATOS DE LONGITUD FIJA--INFORMACIÓN GENERAL | |
| campo de control de longitud fija | 250901e1998 cl a|||frnt|| 001 0 spa |
| 040 ## - FUENTE DE CATALOGACIÓN | |
| Centro catalogador/agencia de origen | hms |
| Lengua de catalogación | spa |
| Centro/agencia transcriptor | hms |
| 050 04 - SIGNATURA TOPOGRÁFICA DE LA BIBLIOTECA DEL CONGRESO | |
| Número de clasificación | WV100 |
| Número de ítem | D537 |
| 100 1# - ENTRADA PRINCIPAL--NOMBRE DE PERSONA | |
| Nombre de persona | Diamante, Vicente Guillermo |
| 9 (RLIN) | 4124 |
| 245 10 - MENCIÓN DEL TÍTULO | |
| Título | Hueso temporal : |
| Resto del título | Anatomía quirúrgica aplicada a la microcirugía / |
| Mención de responsabilidad, etc. | Profesor Vicente Guillermo Diamante, Eduardo Rubén Sastre |
| Medio | [libro] |
| 246 30 - FORMA VARIANTE DEL TITULO | |
| Título propio/Titulo breve | Anatomía quirúrgica aplicada a la microcirugía |
| 250 ## - MENCION DE EDICION | |
| Mención de edición | 1ª edición |
| 260 ## - PUBLICACIÓN, DISTRIBUCIÓN, ETC. | |
| Lugar de publicación, distribución, etc. | Argentina : |
| Nombre del editor, distribuidor, etc. | Facultad de Medicina Universidad de Buenos Aires, |
| Fecha de publicación, distribución, etc. | 1998 |
| 300 ## - DESCRIPCIÓN FÍSICA | |
| Extensión | 87 páginas : |
| Otras características físicas | ilustraciones ; |
| Dimensiones | 22 cm. |
| 500 ## - NOTA GENERAL | |
| Nota general | Incluye índice |
| 504 ## - NOTA DE BIBLIOGRAFÍA, ETC. | |
| Nota de bibliografía, etc. | Incluye bibliografías |
| 942 ## - ELEMENTOS DE ENTRADA SECUNDARIOS (KOHA) | |
| Fuente del sistema de clasificación o colocación | Clasificación de Library of Congress |
| Tipo de ítem Koha | Colección Médica |
| Suprimir en OPAC | No |
| Estatus retirado | Estado de pérdida | Fuente del sistema de clasificación o colocación | Estado de daño | No para préstamo | Colección | Biblioteca de origen | Biblioteca actual | Ubicación en estantería | Fecha de adquisición | Número de inventario | Total de préstamos | Signatura topográfica completa | Código de barras | Visto por última vez | Copia número | Precio de reemplazo | Tipo de ítem Koha |
|---|---|---|---|---|---|---|---|---|---|---|---|---|---|---|---|---|---|
| Clasificación de Library of Congress | Colección Reserva | Biblioteca Hospital Militar de Santiago | Biblioteca Hospital Militar de Santiago | Full Space | 01/09/2025 | 001918 | WV100 D537 1ªed 1998 | 001918 | 01/09/2025 | c.1 | 01/09/2025 | Colección Médica |
